000 01231nam a2200313Ia 4500
999 _c5832
_d5832
003 OSt
005 20200616150230.0
008 191128t2009 ck ad fr 001 0dund d
020 _a9786071502940
040 _aCO-JMCR
_cCO-JMCR
041 1 _aspa
_heng
082 0 4 _a330.015195 /
_bG841e3
_223
100 1 _aGujarati, Damodar N.,
_eautor
_95429
245 1 0 _aEconometría /
_cDamodar N. Gujarati y Dawn C. Porter ; traductora Pilar Carril Villareal
250 _aQuinta edición
260 _aBogotá :
_bMcGraw-Hill,
_c©2009
300 _axxii, 921 páginas :
_bgráficos a blanco y negro ;
_c27 cm.
490 0 _aEducación
500 _aIncluye índice analítico y de nombres.
500 _aIncluye datos biográficos de los autores.
504 _aBibliografía: páginas 902-903
505 0 _aModelos de regresión uniecuacionales -- Flexibilización de los supuestos del modelo clásico -- Temas de econometría -- Modelos de ecuaciones simultáneas y econometría de series de tiempo
534 _pEconometric
546 _aTraducido del inglés
650 1 4 _aEconometría
_95440
700 1 _aPorter, Dawn C.,
_eautor
_95441
700 1 _aCarril Villareal, Pilar,
_etraductora
_95442
942 _2ddc
_cBK